00590nam a2200193Ia 450000500170000000800410001702000210005804000190007904100120009808200170011010000210012724500660014826000400021430000180025450400500027265000340032265100300035685000100038620231107133138.0131103s9999 xx 000 0 und d a9.78E+12cRs 699 aLoreto College aEnglish a320.954bNIL aNilekani, Nandan aImagining Indiab Ideas for the new century cNandan Nilekani aNew DelhibPenguin/Allen Lanec2008 a531pb photos aIncludes bibliographical references and index aIndia-Politics and Governance aIndia-History and Culture aLCLIB